Language Quiz

Random Language or French Quiz
Score 0/24 Timer 05:00
0 Plays Today
Verb Conjugation % Correct
êtresuis
97.7%
êtrees
95.9%
êtreest
93.9%
avoirai
93%
êtresommes
91.8%
avoira
91.3%
avoiras
91.2%
avoiravons
90.1%
êtresont
89.8%
avoiravez
89.6%
êtreêtes
88.6%
avoiront
86.1%
Verb Conjugation % Correct
fairefais
85%
allervais
84.7%
allerallons
84.5%
allerva
84.4%
allerallez
84.1%
allervas
84.1%
fairefais
83.5%
fairefait
83.4%
allervont
79.3%
fairefaisons
79.1%
fairefont
74.8%
fairefaites
69.6%
Remove Ads.
Support Sporcle.
Get the best of Sporcle when you Go Orange. This ad-free experience offers more features, more stats, and more fun while also helping to support Sporcle. Thank you for becoming a member.

You're not logged in!

Compare scores with friends on all Sporcle quizzes.
OR
Log In

Show Comments

Extras

Top Quizzes Today


Score Distribution

Your Account Isn't Verified!

In order to create a playlist on Sporcle, you need to verify the email address you used during registration. Go to your Sporcle Settings to finish the process.

Report this User

Report this user for behavior that violates our Community Guidelines.

Details: